| 000 | 00759nam a2200253 4500 | ||
|---|---|---|---|
| 001 | 37314 | ||
| 003 | BD-RjUL | ||
| 005 | 20211209052610.0 | ||
| 008 | 141126r19941989ii a|||| |||| 00| 0 eng d | ||
| 020 | _a0852265966 | ||
| 035 | _a(BD-RjUL)37417 | ||
| 040 |
_aBD-RjUL _beng _cBD-RjUL |
||
| 041 | _aeng | ||
| 082 |
_a641.3 _bMUF 1994 |
||
| 100 |
_aMudambi, Sumati R. _9114365 |
||
| 245 |
_aFood science / _cSumati R Mudambi, Shalini M Rao. |
||
| 260 |
_aNew Delhi : _bNew Age International, _c1989 [reprint 1994]. |
||
| 300 |
_a221p.: _bill.; _c19 cm. |
||
| 650 |
_aFood _vTextbooks. _9114366 |
||
| 650 |
_aFood _xStudy and teaching. _9114367 |
||
| 650 |
_aNutrition _xStudy and teaching. _9114368 |
||
| 700 |
_aRao, Shalini M. _9114369 |
||
| 942 |
_2ddc _cBK |
||
| 999 |
_c37314 _d37314 |
||